000 00419nam a2200169Ia 4500
008 230711s9999||||xx |||||||||||||| ||und||
020 _a978-93-856-7648-2
041 _aENG
082 _a620.106
_bKU-E`
100 _aKumar,K.L
245 0 _aEngineering flud mechanics
250 _a8th Ed.
260 _c2014
_aNew Delhi
_bS.Chand & Company Ltd
300 _a611p.
650 _aMechanical Engineering
942 _cBK
999 _c6101
_d6101